000 00635nam a22002177a 4500
003 OSt
005 20260122055543.0
008 260122b |||||||| |||| 00| 0 eng d
020 _a0-02-640914-3.
040 _aDWCL-Main lib
_cOC
082 _aCirc. 470 Ul41l 1997
100 _aSuskin, Albert I.
245 _aLatin for Americans
260 _aN. Y. :
_bMcGraw-Hill,
_cc1997.
300 _axi, 396 pages :
_bcolored illustration ;
_c26 cm.
504 _aIncludes indexes.
650 _21. Latin language-Grammar.
650 _22. Latin language-Study and teaching.
700 _aUllman, B. L.
942 _2ddc
_cBK-CIRC
_kCirc.
_n0
999 _c7703
_d7703